000 00265nam a2200121Ia 4500
008 210107s9999 xx 000 0 und d
100 _aISO
245 0 _aISO 14000Environmental Management
250 _a2nd
260 _aGeneva
_bISO
300 _a400
942 _cBK
999 _c10888
_d10888